| 000 | 00357nam a22001457a 4500 | ||
|---|---|---|---|
| 020 | _qPB. | ||
| 040 | _cFIZZA ISHAQ | ||
| 082 |
_a512.05 _bHKV |
||
| 100 |
_aVERSTEEG,H.K. _991273 |
||
| 245 |
_aAN INTRODUCTION TO COMPUTATIONAL FLUID DYNAMICS / _cH.K.VERSTEEG. |
||
| 250 | _a2nd ED. | ||
| 260 |
_aPEARSON ; _c2007. |
||
| 300 | _a503 P. ; | ||
| 942 |
_2ddc _cBK |
||
| 999 |
_c589478 _d589478 |
||